LEADER 01776nam 2200505Ia 450 001 9910711113803321 005 20180711120953.0 024 8 $aGOVPUB-C13-6fea12cd942c069a559fdaea3506a71a 035 $a(CKB)5470000002480877 035 $a(OCoLC)959982365 035 $a(OCoLC)995470000002480877 035 $a(EXLCZ)995470000002480877 100 $a20161006d1962 ua 0 101 0 $aeng 181 $ctxt$2rdacontent 182 $cc$2rdamedia 183 $acr$2rdacarrier 200 12$aA direct electrical-analog method for two-dimensional transient heat flow analysis of fire-exposed structures /$fDaniel Gross 210 1$aGaithersburg, MD :$cU.S. Dept. of Commerce, National Institute of Standards and Technology,$d1962. 215 $a1 online resource 225 1 $aNBS report ;$v7534 300 $a1962. 300 $aContributed record: Metadata reviewed, not verified. Some fields updated by batch processes. 300 $aTitle from PDF title page. 320 $aIncludes bibliographical references. 606 $aAnalog computer simulation 606 $aFire testing 606 $aAnalog computer simulation$2fast 606 $aFire testing$2fast 615 0$aAnalog computer simulation. 615 0$aFire testing. 615 7$aAnalog computer simulation. 615 7$aFire testing. 700 $aGross$b Daniel$0594468 701 $aGross$b Daniel$0594468 712 02$aUnited States.$bNational Bureau of Standards. 801 0$bNBS 801 1$bNBS 801 2$bOCLCO 801 2$bOCLCF 801 2$bOCLCQ 906 $aBOOK 912 $a9910711113803321 996 $aA direct electrical-analog method for two-dimensional transient heat flow analysis of fire-exposed structures$93454732 997 $aUNINA LEADER 01376nam2-2200445---450- 001 990001233100203316 005 20060224144130.0 010 $a88-317-8314-9 035 $a000123310 035 $aUSA01000123310 035 $a(ALEPH)000123310USA01 035 $a000123310 100 $a20031103d2003----km-y0enga50------ba 101 0 $ata 102 $aIT 105 $ay|||z|||001yy 200 1 $a<<2>> : <> regno di Carlo 6.$e1730-1740$fPietro Metastasio$ga cura di Anna Laura Bellina 210 $aVenezia$cMarsilio$d2003 215 $a794 p.$d19 cm 225 2 $aEsperia 225 2 $aLetteratura universale Marsilio 410 0$12001$aEsperia 410 0$12001$aLetteratura universale Marsilio 454 1 $12001 461 1$1001000110280$12001$aDrammi per musica 606 0 $aOpere in musica$yItalia$zSec. 18. 676 $a852.5 700 1$aMETASTASIO,$bPietro$0152429 702 1$aBELLINA,$bAnna Laura 801 0$aIT$bsalbc$gISBD 912 $a990001233100203316 951 $aVI.3.A. 2920/2 (V A Coll. 185/10.2)$b180024 L.M.$cV A Coll.$d00129119 959 $aBK 969 $aUMA 979 $aMARIA$b10$c20031103$lUSA01$h1039 979 $aPATRY$b90$c20040406$lUSA01$h1728 979 $aPECORARO$b90$c20050830$lUSA01$h1630 979 $aCOPAT4$b90$c20060224$lUSA01$h1441 996 $aRegno di Carlo 6$9987665 997 $aUNISA